Dini, Pietro U., 1960-. Le lingue baltiche. - Firenze : Nuova Italia. - 1997 [Rezension]
| Titel: | Dini, Pietro U., 1960-. Le lingue baltiche. - Firenze : Nuova Italia. - 1997 [Rezension] |
|---|---|
| Verfasser: | |
| In: |
Lituanistica, Heft 3 (35) (1998), Seite 104-110 alle Artikel anzeigen |
| Veröffentlicht: | 1998 |
| Format: | Aufsatz |
| Sprache: | Englisch |
X
alg: 39475674 001A $01999:12-11-16 001B $01999:03-08-21 $t21:01:26.000 001D $01999:12-11-16 001U $0utf8 001X $00 002@ $0Aox 003@ $0394756746 007A $0394756746 $aHEB 007T $0Herd78959 010@ $aeng 011@ $a1998 021A $aDini, Pietro U., 1960-. Le @lingue baltiche. - Firenze : Nuova Italia. - 1997 [Rezension] 028A $aAmbrazas $dVytautas 031A $e3 (35) $h104-110 $j1998 039B $aIn $8--Abvc--. Lituanistica. - Vilnius : Academia, 1990-. - ISSN 0235-716X $x199800000000003896 $904857693X 039T $8--Aau--Dini, Pietro U.$Z1960- [Tp1]. Le @lingue baltiche. - 1. ed.. - Firenze : Nuova Italia, 1997. - XXII, 531 S.. - ISBN 88-221-2803-6 $9089769511 045F $a900.94793 $eDDC23BSB 045F/01 $a900 045F/03 $g4793 045F/03 $g4796 045T $a7,44 lok: 39475674 78 exp: 39475674 78 1 #EPN 201B/01 $018-11-16 $t12:37:52.000 201U/01 $0utf8 203@/01 $0791055353 208@/01 $a12-11-16 $be 209A/01 $a/ $f000 $x00 220C/01 $aTitelaufnehmer: pk 244Z/01 $2Trx $#Litauen $#Lithuania $#Litwa $#Litva $#Litva $8--Trx--Lietuva $x01 $9391193457 244Z/01 $2Trx $#Latvija $#Lettland $#Łotwa $#Lotyšsko $8--Trx--Latvija $x02 $9391275879 244Z/01 $2Trx $#arvustused $#recenzijos $#Reviews $#recenziók $#recenzje $#recenzie $#recenze $8--Trx--Rezensionen $x03 $9391357441 247C/01 $82080>Marburg/Lahn, Herder-Institut, Forschungsbibliothek, Bibliographieportal $9336309341
| LEADER | 00000caa a22000002c 4500 | ||
|---|---|---|---|
| 001 | 394756746 | ||
| 003 | DE-603 | ||
| 005 | 20210803210126.0 | ||
| 007 | tu | ||
| 008 | 161112s1998 xx |||| | u00||u|eng c | ||
| 035 | |a (DE-599)HEB394756746 | ||
| 040 | |a DE-603 |b ger |c DE-603 |d DE-603 | ||
| 041 | |a eng | ||
| 082 | 0 | 4 | |8 1\u |a 900.94793 |q DE-101 |2 23/BSB |
| 084 | |a 7,44 |2 ssgn | ||
| 085 | |8 1\u |b 900 | ||
| 085 | |8 1\u |z 2 |s 4793 | ||
| 085 | |8 1\u |z 2 |s 4796 | ||
| 100 | 1 | |a Ambrazas, Vytautas | |
| 245 | 0 | 0 | |a Dini, Pietro U., 1960-. Le lingue baltiche. - Firenze : Nuova Italia. - 1997 [Rezension] |
| 264 | 0 | |c 1998 | |
| 773 | 0 | 8 | |i In |t Lituanistica |d Vilnius : Academia, 1990- |x 0235-716X |g Heft 3 (35) (1998), Seite 104-110 |w (DE-603)04857693X |w (DE-600)1069331-2 |
| 787 | 0 | 8 | |i Rezension von |a Dini, Pietro U., 1960- |t Le lingue baltiche |b 1. ed. |d Firenze : Nuova Italia, 1997 |h XXII, 531 S. |z 8822128036 |w (DE-603)089769511 |
| 924 | 0 | |9 2080 |a (DE-603)791055353 |b DE-2080 |c HES |d d |g / | |


